| 000 | 00761cgm a2200217 4500 | ||
|---|---|---|---|
| 001 | B3218 | ||
| 008 | 090401t1988 xxu||||| |||| 00| 0 eng d | ||
| 035 | _a(Sirsi) u54798 | ||
| 041 | _aeng | ||
| 050 | _a346.4103 | ||
| 100 | _aValentine, Donald | ||
| 245 | _aLatent Damage Act 1986 (sound recording) | ||
| 260 |
_aLondon _bRoyal Institution of Chartered Surveyors _c1988 |
||
| 300 | _a1 sound cassette (60 min.) | ||
| 350 | _a10 | ||
| 490 | _aOwlion Audio Programme | ||
| 520 | _aPublished jointly with the College of Estate Management . This programme deals with the introduction of the three year period for bringing actions in negligence plus a new fifteen year `cut off` period. | ||
| 650 | _aAUDIO CASSETTES | ||
| 942 | _n0 | ||
| 948 | _c04/03/1997 | ||
| 999 |
_c85306 _d85306 |
||